[Event "Spring Sectional C"]
[Site "Edmonton CAN"]
[Date "2002.06.15"]
[Round "3"]
[White "Chi, Jonathan"]
[Black "Deimert, Elroy"]
[Result "1-0"]
[WhiteElo "1637"]
[BlackElo "1548"]
[PlyCount "127"]
[EventDate "2002.06.15"]
[EventType "tourn"]
[EventRounds "5"]
[EventCountry "CAN"]
[SourceDate "2003.08.17"]

1. d4 d5 2. c4 e5 3. dxe5 d4 4. Nf3 Nc6 5. a3 Bg4 6. Nbd2 a5 7. h3 Bf5 8. Nb3
Qd7 9. Bg5 Be7 10. Nbxd4 Bxg5 11. Nxc6 Bh6 12. Qxd7+ Bxd7 13. Ncd4 c5 14. Nb3
b6 15. e3 Ba4 16. Nbd2 Rd8 17. Be2 Ne7 18. b3 Bd7 19. Ne4 O-O 20. O-O Nc8 21.
Rfd1 Rfe8 22. Nd6 Nxd6 23. Rxd6 Bf5 24. Rad1 Rb8 25. Bd3 Be6 26. Be4 g6 27. Bc6
Rec8 28. Bb5 Bf5 29. Bd7 Bxd7 30. Rxd7 Rf8 31. a4 Bg7 32. Ra7 Rbe8 33. Rdd7 h6
34. Rab7 Rb8 35. Kf1 Rbe8 36. Rxb6 Bxe5 37. Nxe5 Rxe5 38. Rbb7 Kg7 39. Rb5 Ra8
40. Rc7 Rd8 41. Ke2 Re6 42. Rcxc5 h5 43. Rxa5 f6 44. h4 f5 45. g3 Kf6 46. f4
Rd7 47. Rd5 Rb7 48. Rab5 Rc7 49. Kd3 Ree7 50. Re5 Rxe5 51. Rxe5 Rd7+ 52. Kc2
Rc7 53. Kc3 Rd7 54. Rd5 Re7 55. Rd3 Rc7 56. b4 Ke6 57. b5 Ke7 58. Kb4 Rd7 59.
Rxd7+ Kxd7 60. Kc5 Kc7 61. b6+ Kb7 62. a5 Kb8 63. a6 Kc8 64. Kc6 1-0

[Event "Spring Sectional C"]
[Site "Edmonton CAN"]
[Date "2002.06.15"]
[Round "3"]
[White "Dewindt, Cor"]
[Black "Aggarwal, Anil"]
[Result "1-0"]
[WhiteElo "1484"]
[BlackElo "1211"]
[PlyCount "21"]
[EventDate "2002.06.15"]
[EventType "tourn"]
[EventRounds "5"]
[EventCountry "CAN"]
[SourceDate "2003.08.17"]

1. b4 e5 2. Bb2 Bxb4 3. Bxe5 Nc6 4. Bxg7 Qg5 5. Bxh8 f6 6. Nf3 Qg6 7. e3 Qf7 8.
c3 Ba5 9. Qc2 d5 10. Bd3 h5 11. Bg6 1-0

[Event "Spring Sectional C"]
[Site "Edmonton CAN"]
[Date "2002.06.16"]
[Round "4"]
[White "Deimert, David"]
[Black "Chi, Jonathan"]
[Result "0-1"]
[WhiteElo "1579"]
[BlackElo "1637"]
[PlyCount "98"]
[EventDate "2002.06.15"]
[EventType "tourn"]
[EventRounds "5"]
[EventCountry "CAN"]
[SourceDate "2003.08.17"]

1. e4 c5 2. Nf3 d6 3. d4 cxd4 4. Nxd4 Nc6 5. Nc3 g6 6. Be3 Bg7 7. f3 Nf6 8. Qd2
O-O 9. Bc4 Bd7 10. O-O-O Rc8 11. Bb3 Ne5 12. h4 h5 13. Bg5 Rc5 14. g4 hxg4 15.
h5 Nxh5 16. Nd5 Qa5 17. Nxe7+ Kh8 18. Rxh5+ gxh5 19. Qh2 Nd3+ 20. Rxd3 Rxg5 21.
Qxd6 Qe1+ 22. Rd1 Qe3+ 23. Kb1 gxf3 24. Nxf3 Qxf3 25. Qxd7 Qxe4 26. Nd5 Re8 27.
Nc3 Qe7 28. Bxf7 Qxd7 29. Rxd7 Re1+ 30. Nd1 h4 31. c3 Kh7 32. Kc2 Re2+ 33. Rd2
Rxd2+ 34. Kxd2 Re5 35. c4 b5 36. b3 bxc4 37. bxc4 Ra5 38. Nc3 Bxc3+ 39. Kxc3
Kg7 40. Bd5 h3 41. Be4 Re5 42. Bb7 Kf6 43. Kd4 Rg5 44. c5 Ke7 45. Kc4 Kd8 46.
Kb5 Kc7 47. Be4 a6+ 48. Kxa6 Rxc5 49. a3 Rc4 0-1

[Event "Spring Sectional C"]
[Site "Edmonton CAN"]
[Date "2002.06.16"]
[Round "4"]
[White "Deimert, Elroy"]
[Black "Dewindt, Cor"]
[Result "1/2-1/2"]
[WhiteElo "1548"]
[BlackElo "1484"]
[PlyCount "84"]
[EventDate "2002.06.15"]
[EventType "tourn"]
[EventRounds "5"]
[EventCountry "CAN"]
[SourceDate "2003.08.17"]

1. e4 d5 2. exd5 Nf6 3. c4 c6 4. Nc3 cxd5 5. cxd5 Nxd5 6. Qa4+ Bd7 7. Bb5 Nxc3
8. dxc3 Bxb5 9. Qxb5+ Qd7 10. Qb3 Nc6 11. Nf3 e6 12. Bf4 Be7 13. Rd1 Qc8 14.
O-O O-O 15. a3 b6 16. Qc2 Qa6 17. Ng5 Bxg5 18. Bxg5 f6 19. Bc1 e5 20. Qe4 Ne7
21. Rd7 Rae8 22. h4 Kh8 23. h5 Ng8 24. g4 Re7 25. Rxe7 Nxe7 26. h6 g6 27. g5 b5
28. Re1 Qe6 29. Kg2 Qc6 30. f3 Qxe4 31. Rxe4 Nc6 32. gxf6 Rxf6 33. Bg5 Re6 34.
Bd2 Kg8 35. Be3 Kf7 36. Bg5 Rd6 37. Re1 Ke6 38. Be3 Kf5 39. Rh1 a6 40. Kf2 Nd8
41. Ke2 Nf7 42. b3 g5 1/2-1/2

[Event "Spring Sectional C"]
[Site "Edmonton CAN"]
[Date "2002.06.16"]
[Round "4"]
[White "Ventura , Jason"]
[Black "Aggarwal, Anil"]
[Result "1/2-1/2"]
[WhiteElo "1705"]
[BlackElo "1211"]
[PlyCount "78"]
[EventDate "2002.06.15"]
[EventType "tourn"]
[EventRounds "5"]
[EventCountry "CAN"]
[SourceDate "2003.08.17"]

1. e4 e5 2. Nf3 Nc6 3. Bb5 Nf6 4. O-O Bc5 5. c3 Nxe4 6. d4 exd4 7. Re1 d5 8.
cxd4 Bb4 9. Nbd2 O-O 10. Bxc6 bxc6 11. a3 Bxd2 12. Nxd2 Re8 13. Qf3 Nxd2 14.
Bxd2 Rb8 15. Rxe8+ Qxe8 16. Re1 Qd8 17. Bc1 Be6 18. Qg3 Qd6 19. Bf4 Qe7 20. b4
Rc8 21. Bg5 Qd6 22. Re5 Kh8 23. Qh4 Re8 24. f4 Bd7 25. Be7 Qh6 26. Rh5 Qg6 27.
h3 h6 28. Kh2 Rxe7 29. Qxe7 Qxh5 30. Qxd7 Qd1 31. Qxc6 Qxd4 32. Qxc7 f6 33. h4
h5 34. Qb8+ Kh7 35. a4 Kh6 36. a5 Qc4 37. f5 Qxh4+ 38. Kg1 Qe1+ 39. Kh2 Qh4+
1/2-1/2

[Event "Spring Sectional C"]
[Site "Edmonton CAN"]
[Date "2002.06.16"]
[Round "5"]
[White "Aggarwal, Anil"]
[Black "Deimert, Elroy"]
[Result "0-1"]
[WhiteElo "1211"]
[BlackElo "1548"]
[PlyCount "54"]
[EventDate "2002.06.15"]
[EventType "tourn"]
[EventRounds "5"]
[EventCountry "CAN"]
[SourceDate "2003.08.17"]

1. e4 d6 2. d4 g6 3. Nf3 Bg7 4. Bc4 Nf6 5. Nc3 O-O 6. Ng5 Nc6 7. Nxf7 Rxf7 8.
Bxf7+ Kxf7 9. d5 Na5 10. O-O Kg8 11. Re1 Qf8 12. Qd2 Bd7 13. Nb5 Nc4 14. Qb4
Bxb5 15. Qxb5 Nb6 16. c3 a6 17. Qa5 Rc8 18. f3 Qf7 19. Qb4 Rf8 20. Be3 Nfd7 21.
a4 Ne5 22. Rad1 Nbc4 23. Qxb7 Nxf3+ 24. gxf3 Qxf3 25. Ba7 Qg4+ 26. Kh1 Be5 27.
Re2 Qxe2 0-1

[Event "Spring Sectional C"]
[Site "Edmonton CAN"]
[Date "2002.06.16"]
[Round "5"]
[White "Chi, Jonathan"]
[Black "Ventura , Jason"]
[Result "1-0"]
[WhiteElo "1637"]
[BlackElo "1705"]
[PlyCount "25"]
[EventDate "2002.06.15"]
[EventType "tourn"]
[EventRounds "5"]
[EventCountry "CAN"]
[SourceDate "2003.08.17"]

1. d4 Nf6 2. c4 g6 3. Nc3 Bg7 4. e4 d6 5. Nf3 O-O 6. Be2 c5 7. O-O Nfd7 8. Be3
b6 9. Qd2 e5 10. dxe5 dxe5 11. Qd5 Qc7 12. Qxa8 Nc6 13. Nb5 1-0

[Event "Spring Sectional C"]
[Site "Edmonton CAN"]
[Date "2002.06.16"]
[Round "5"]
[White "Dewindt, Cor"]
[Black "Deimert, David"]
[Result "0-1"]
[WhiteElo "1484"]
[BlackElo "1579"]
[PlyCount "100"]
[EventDate "2002.06.15"]
[EventType "tourn"]
[EventRounds "5"]
[EventCountry "CAN"]
[SourceDate "2003.08.17"]

1. b4 c6 2. Bb2 Qb6 3. a3 a5 4. c3 d5 5. e3 Nf6 6. Be2 e5 7. Nf3 Bd6 8. c4 Nbd7
9. d4 exd4 10. Bxd4 Qc7 11. c5 Be5 12. Nxe5 Nxe5 13. Nd2 Bf5 14. Nf3 Nxf3+ 15.
Bxf3 O-O 16. Bxf6 gxf6 17. Qd4 Qe5 18. Qxe5 fxe5 19. O-O f6 20. Be2 Kf7 21.
Rfd1 Bc2 22. Rd2 Bf5 23. Rda2 Rfd8 24. Rb2 axb4 25. Rxb4 Rd7 26. f3 Ra5 27. e4
Be6 28. Rab1 Rxa3 29. Rxb7 Rc3 30. Rxd7+ Bxd7 31. exd5 cxd5 32. Bb5 Bf5 33. Rd1
Rxc5 34. Be2 Rc7 35. Kf1 d4 36. h4 h6 37. g4 Bh7 38. f4 Ke6 39. f5+ Kd5 40. Bd3
Rb7 41. h5 e4 42. Kg1 Rb2 43. Rb1 Rxb1+ 44. Bxb1 d3 45. Kf2 Kd4 46. Ba2 e3+ 47.
Ke1 Kc3 48. Bb1 Bg8 49. g5 d2+ 50. Ke2 Bc4+ 0-1

[Event "Spring Swiss"]
[Site "Winnipeg CAN"]
[Date "2002.03.22"]
[Round "1.1"]
[White "Kaptsan, Aron"]
[Black "Wasney, Mark"]
[Result "1-0"]
[WhiteElo "2134"]
[BlackElo "1716"]
[PlyCount "89"]
[EventDate "2002.03.22"]
[EventType "swiss"]
[EventRounds "5"]
[EventCountry "CAN"]

1. d4 Nf6 2. c4 e6 3. Nc3 c5 4. d5 exd5 5. cxd5 d6 6. g3 g6 7. Bg2 Bg7 8. Nf3
O-O 9. O-O a6 10. a4 Re8 11. Nd2 Qc7 12. Re1 Nbd7 13. h3 Rb8 14. a5 b5 15. axb6
Nxb6 16. e4 Nfd7 17. f4 c4 18. Kh2 Nc5 19. Nf3 Nd3 20. Re2 Bb7 21. Ne1 Nc5 22.
Be3 Nb3 23. Rb1 Re7 24. Nf3 Rbe8 25. e5 Qd8 26. Ne4 Nc8 27. Ned2 Nxd2 28. Rxd2
dxe5 29. fxe5 Bxe5 30. Nxe5 Rxe5 31. Bf4 Re1 32. Qxe1 Rxe1 33. Rxe1 Nd6 34. Rc1
h5 35. Bxd6 Qxd6 36. Rxc4 g5 37. h4 g4 38. Rf2 Kg7 39. Rcf4 Qe7 40. d6 Qd7 41.
Rxf7+ Qxf7 42. Rxf7+ Kxf7 43. Bxb7 Ke6 44. Bxa6 Kxd6 45. Bd3 1-0

[Event "Spring Swiss"]
[Site "Winnipeg CAN"]
[Date "2002.03.22"]
[Round "1.2"]
[White "Sapina, Hrvoje"]
[Black "Khedkar, Jay"]
[Result "0-1"]
[WhiteElo "1699"]
[BlackElo "2021"]
[PlyCount "79"]
[EventDate "2002.03.22"]
[EventType "swiss"]
[EventRounds "5"]
[EventCountry "CAN"]

1. d4 d5 2. c4 e6 3. Nf3 Nf6 4. Nc3 c6 5. e3 Nbd7 6. c5 b6 7. b4 Be7 8. Bd3 a5
9. bxa5 bxc5 10. O-O c4 11. Bc2 Qxa5 12. Bd2 Bb4 13. Qe1 O-O 14. Nb1 c5 15. a3
Ba6 16. Bc3 Bxc3 17. Qxc3 Qxc3 18. Nxc3 Rfb8 19. Rfb1 Kf8 20. Kf1 cxd4 21. exd4
Rxb1+ 22. Rxb1 Rb8 23. Rxb8+ Nxb8 24. Ne5 Ke7 25. Ba4 Nfd7 26. Nxd7 Nxd7 27.
Ke2 Nb6 28. Bc2 e5 29. Ke3 Ke6 30. a4 Nd7 31. f3 g6 32. dxe5 Kxe5 33. f4+ Kd6
34. Kd4 Nc5 35. Nd1 Ne6+ 36. Ke3 d4+ 37. Kf3 Bb7+ 38. Kg3 d3 39. Bb1 Kc5 40.
Ne3 0-1

[Event "Spring Swiss"]
[Site "Winnipeg CAN"]
[Date "2002.03.22"]
[Round "1.3"]
[White "Kohalmi, Andy"]
[Black "Harding, Mike"]
[Result "0-1"]
[WhiteElo "1656"]
[BlackElo "1833"]
[PlyCount "57"]
[EventDate "2002.03.22"]
[EventType "swiss"]
[EventRounds "5"]
[EventCountry "CAN"]

1. d4 Nf6 2. c4 g6 3. Nc3 Bg7 4. e4 d6 5. h3 O-O 6. Nf3 e5 7. Be3 Nc6 8. d5 Ne7
9. Be2 Ne8 10. g4 f5 11. gxf5 gxf5 12. Bg5 Nf6 13. Qd3 fxe4 14. Nxe4 Nxe4 15.
Qxe4 Bf5 16. Qh4 Rf7 17. Rg1 Qd7 18. Bxe7 Qxe7 19. Ng5 h6 20. Nf3 Qxh4 21. Nxh4
Bc2 22. Rc1 Bh7 23. Bg4 Kh8 24. b3 Raf8 25. Rg2 e4 26. Be6 Rf4 27. Rg4 Rxf2 28.
Rg2 Rf1+ 29. Kd2 0-1

[Event "Spring Swiss"]
[Site "Winnipeg CAN"]
[Date "2002.03.22"]
[Round "1.4"]
[White "Mu, Yuchen"]
[Black "Rutter, Blair"]
[Result "1-0"]
[WhiteElo "1782"]
[BlackElo "1598"]
[PlyCount "97"]
[EventDate "2002.03.22"]
[EventType "swiss"]
[EventRounds "5"]
[EventCountry "CAN"]

1. e4 e6 2. d4 Nf6 3. e5 Nd5 4. Nf3 c5 5. c4 Nb6 6. Bg5 Qc7 7. Nc3 cxd4 8. Nb5
Bb4+ 9. Bd2 Bxd2+ 10. Qxd2 Qc5 11. Nd6+ Kf8 12. Qf4 f6 13. exf6 g5 14. Nxg5 h6
15. Nge4 Qb4+ 16. Qd2 Qxd2+ 17. Kxd2 Nc6 18. f4 Rg8 19. h3 a5 20. g4 e5 21. g5
exf4 22. f7 Rg6 23. gxh6 Ne5 24. h7 Rh6 25. Be2 Rxh7 26. Rhg1 Nxf7 27. Raf1 Ke7
28. Nf5+ Kf8 29. Rxf4 d5 30. Ned6 Nxc4+ 31. Nxc4 Bxf5 32. Rxf5 dxc4 33. Bxc4 b6
34. Rgf1 Ra7 35. Rxf7+ Rhxf7 36. Rxf7+ Rxf7 37. Bxf7 Kxf7 38. Kd3 Kg6 39. Kxd4
Kh5 40. Kc4 Kh4 41. Kb5 Kxh3 42. Kxb6 a4 43. Kb5 Kg4 44. Kxa4 Kf4 45. b4 Ke5
46. b5 Kd6 47. Ka5 Kc7 48. Ka6 Kb8 49. b6 1-0

[Event "Spring Swiss"]
[Site "Winnipeg CAN"]
[Date "2002.03.22"]
[Round "1.5"]
[White "Gannon, Keith"]
[Black "Katona, John"]
[Result "1/2-1/2"]
[WhiteElo "1549"]
[BlackElo "1749"]
[PlyCount "90"]
[EventDate "2002.03.22"]
[EventType "swiss"]
[EventRounds "5"]
[EventCountry "CAN"]

1. e4 c5 2. Nf3 d6 3. d4 cxd4 4. Nxd4 Nf6 5. Nc3 a6 6. Be2 e5 7. Nb3 Be7 8. O-O
O-O 9. Re1 Nc6 10. Be3 Be6 11. Bf3 b5 12. a3 Qc8 13. Bg5 Rd8 14. Bxf6 Bxf6 15.
Nd5 Bxd5 16. Qxd5 Ne7 17. Qd3 Nc6 18. c3 Qe6 19. Qc2 Rac8 20. Qd1 Qe7 21. Rc1
g6 22. Rc2 h5 23. Qe2 Qe6 24. c4 bxc4 25. Qxc4 Qxc4 26. Rxc4 Nd4 27. Rxc8 Nxf3+
28. gxf3 Rxc8 29. Rd1 Be7 30. Na1 Kf8 31. Kg2 Rc6 32. Re1 Bg5 33. Re2 Ke7 34.
Nc2 Kd7 35. b4 Rc3 36. a4 Bd8 37. b5 axb5 38. axb5 Rb3 39. Ne3 Rxb5 40. Nd5 Ke6
41. f4 exf4 42. Nxf4+ Ke5 43. Nd3+ Ke6 44. Nf4+ Kd7 45. Nh3 Bf6 1/2-1/2

[Event "Spring Swiss"]
[Site "Winnipeg CAN"]
[Date "2002.03.22"]
[Round "1.6"]
[White "Strub, Michael"]
[Black "Pottinger, Carl"]
[Result "1/2-1/2"]
[WhiteElo "1747"]
[BlackElo "1513"]
[PlyCount "53"]
[EventDate "2002.03.22"]
[EventType "swiss"]
[EventRounds "5"]
[EventCountry "CAN"]

1. d4 c5 2. d5 d6 3. c4 g6 4. Nc3 Bd7 5. Qb3 b6 6. g3 Bg7 7. Bg2 Nf6 8. Nf3 a6
9. e4 Ng4 10. Bf4 O-O 11. h3 Ne5 12. Nxe5 dxe5 13. Be3 Qc7 14. Na4 Bxa4 15.
Qxa4 Qd6 16. Rb1 Nd7 17. b4 Rfb8 18. O-O b5 19. bxc5 Nxc5 20. Qb4 Nd3 21. Qc3
Nc5 22. Qa3 Rc8 23. cxb5 axb5 24. Bxc5 Qxc5 25. Qxc5 Rxc5 26. Rb2 Bh6 27. Rfb1
1/2-1/2

[Event "Spring Swiss"]
[Site "Winnipeg CAN"]
[Date "2002.03.22"]
[Round "1.7"]
[White "Trueman, Francis"]
[Black "Czarny, Keith"]
[Result "0-1"]
[WhiteElo "1457"]
[BlackElo "1734"]
[PlyCount "75"]
[EventDate "2002.03.22"]
[EventType "swiss"]
[EventRounds "5"]
[EventCountry "CAN"]

1. Nf3 g6 2. g3 Bg7 3. Bg2 Nf6 4. d3 O-O 5. O-O c5 6. Nbd2 Nc6 7. c3 b6 8. e4
Bb7 9. Re1 d6 10. Nf1 Rc8 11. h4 Rc7 12. Qe2 Qd7 13. N3h2 Bc8 14. Ne3 Ne5 15.
Nd5 Nxd5 16. exd5 c4 17. dxc4 Nxc4 18. f4 Na5 19. Bf3 f5 20. g4 fxg4 21. Bxg4
Qd8 22. Bxc8 Qxc8 23. Kh1 Qf5 24. Qe6+ Qxe6 25. dxe6 Nc4 26. Rg1 Rf5 27. Rg5
Rcc5 28. Nf3 Bh6 29. Rxf5 Rxf5 30. Nd4 Rh5 31. Nf3 Na5 32. Kg2 Bg7 33. Kg3 Rd5
34. Be3 Nc4 35. Bc1 Rd1 36. Kg4 Ne3+ 37. Kg3 Nf5+ 38. Kh3 0-1

[Event "Spring Swiss"]
[Site "Winnipeg CAN"]
[Date "2002.03.22"]
[Round "1.8"]
[White "Proulx, Roy"]
[Black "Shome, Devarshi"]
[Result "1-0"]
[WhiteElo "1718"]
[BlackElo "1336"]
[PlyCount "105"]
[EventDate "2002.03.22"]
[EventType "swiss"]
[EventRounds "5"]
[EventCountry "CAN"]

1. d4 Nf6 2. Bg5 d6 3. Nd2 g6 4. Ngf3 Bg7 5. e4 Bg4 6. Bd3 Nbd7 7. h3 Bxf3 8.
Nxf3 O-O 9. Qd2 e5 10. dxe5 Nxe5 11. Nxe5 dxe5 12. O-O Re8 13. c3 c6 14. a4 a5
15. Qe3 Qc7 16. f4 Nd7 17. f5 Nf8 18. f6 Bh8 19. Qg3 Qb6+ 20. Rf2 Rad8 21. Bc4
Ne6 22. Be3 Nc5 23. b4 axb4 24. a5 Qa7 25. cxb4 Nxe4 26. Qf3 Rd4 27. Rc2 Nxf6
28. Re1 e4 29. Qf2 Nd5 30. Bxd5 cxd5 31. Rd2 Rxd2 32. Qxd2 d4 33. Bf4 d3+ 34.
Kh1 Bd4 35. Bh6 f5 36. Qa2+ Kh8 37. b5 Qb8 38. Qc4 Qg3 39. Qxd4+ Qe5 40. Qxe5+
Rxe5 41. Rc1 Kg8 42. Rc8+ Kf7 43. a6 bxa6 44. bxa6 Ra5 45. Rc7+ Ke6 46. a7 Kf6
47. Be3 g5 48. Bd4+ Kg6 49. Rc1 f4 50. Kg1 e3 51. Kf1 Kh5 52. Ra1 d2 53. Ke2
1-0

[Event "Spring Swiss"]
[Site "Winnipeg CAN"]
[Date "2002.03.22"]
[Round "1.9"]
[White "Federkevic, Danny"]
[Black "Curtis, Rory"]
[Result "1-0"]
[WhiteElo "1986"]
[BlackElo "1696"]
[PlyCount "75"]
[EventDate "2002.03.22"]
[EventType "swiss"]
[EventRounds "5"]
[EventCountry "CAN"]

1. e4 c5 2. Nc3 Nc6 3. f4 e5 4. f5 Nf6 5. Bc4 Nxe4 6. Bxf7+ Kxf7 7. Qh5+ Kg8 8.
Nxe4 d5 9. Ng3 Qf6 10. N1e2 Bxf5 11. Qxf5 Nd4 12. Nxd4 exd4 13. Qxd5+ Qf7 14.
Qxf7+ Kxf7 15. O-O+ Kg6 16. d3 Be7 17. Bd2 Rad8 18. Rae1 Bf6 19. Ne4 Rd5 20.
Nxf6 gxf6 21. Re4 Rf8 22. Rfe1 Rd7 23. Bf4 b5 24. Re7 Rf7 25. Rxd7 Rxd7 26. Re8
c4 27. Kf2 cxd3 28. cxd3 a5 29. Ke2 Kf7 30. Rb8 Rd5 31. Rb6 h5 32. Rd6 Rxd6 33.
Bxd6 Ke6 34. Bc7 a4 35. Ba5 Ke5 36. Kf3 Kf5 37. Bc7 b4 38. b3 1-0

[Event "Spring Swiss"]
[Site "Winnipeg CAN"]
[Date "2002.03.23"]
[Round "2.1"]
[White "Czarny, Keith"]
[Black "Kaptsan, Aron"]
[Result "0-1"]
[WhiteElo "1734"]
[BlackElo "2134"]
[PlyCount "74"]
[EventDate "2002.03.22"]
[EventType "swiss"]
[EventRounds "5"]
[EventCountry "CAN"]

1. Nf3 d5 2. g3 c6 3. Bg2 h6 4. O-O Bf5 5. d4 e6 6. Nh4 Bh7 7. Nc3 Be7 8. Nf3
Nf6 9. Re1 O-O 10. Ne5 Nbd7 11. Bd2 Qb6 12. Qc1 Qxd4 13. Nf3 Qg4 14. Nd1 e5 15.
Ne3 Qe6 16. h4 d4 17. Nf1 Nb6 18. e3 d3 19. cxd3 Bxd3 20. Bc3 e4 21. Nd4 Qd7
22. Kh2 Ng4+ 23. Kg1 Nd5 24. Nd2 f5 25. f3 Ngxe3 26. N2b3 Nxg2 27. Kxg2 f4 28.
fxe4 Ne3+ 29. Rxe3 fxe3 30. Qxe3 Bc4 31. Nd2 Be6 32. Nxe6 Qxe6 33. Nf3 Rad8 34.
Nd4 Qg4 35. Nf5 Bf6 36. Rf1 Bxc3 37. Qxc3 Qxe4+ 0-1

[Event "Spring Swiss"]
[Site "Winnipeg CAN"]
[Date "2002.03.23"]
[Round "2.2"]
[White "Khedkar, Jay"]
[Black "Mu, Yuchen"]
[Result "1-0"]
[WhiteElo "2021"]
[BlackElo "1782"]
[PlyCount "61"]
[EventDate "2002.03.22"]
[EventType "swiss"]
[EventRounds "5"]
[EventCountry "CAN"]

1. d4 Nf6 2. Nf3 g6 3. c4 Bg7 4. Nc3 O-O 5. e4 d6 6. Be2 Nc6 7. O-O e5 8. d5
Ne7 9. Ne1 Nd7 10. Be3 f5 11. f3 f4 12. Bf2 g5 13. Nd3 Nf6 14. c5 h5 15. Rc1 g4
16. Nb5 Ng6 17. cxd6 cxd6 18. Nc7 g3 19. hxg3 fxg3 20. Bxg3 h4 21. Bf2 h3 22.
g3 h2+ 23. Kxh2 Kf7 24. Ne6 Rh8+ 25. Kg2 Qg8 26. Rc7+ Nd7 27. f4 exf4 28. Be3
Bd4 29. Bh5 Ke7 30. Qg4 fxe3 31. Qg5+ 1-0

[Event "Spring Swiss"]
[Site "Winnipeg CAN"]
[Date "2002.03.23"]
[Round "2.3"]
[White "Gibbons, Lorne"]
[Black "Federkevic, Danny"]
[Result "0-1"]
[WhiteElo "1265"]
[BlackElo "1986"]
[PlyCount "28"]
[EventDate "2002.03.22"]
[EventType "swiss"]
[EventRounds "5"]
[EventCountry "CAN"]

1. d4 Nf6 2. c4 g6 3. Nc3 Bg7 4. Bf4 O-O 5. e4 d6 6. Nf3 Nbd7 7. Be2 Re8 8. Qd2
c6 9. O-O-O a6 10. b4 c5 11. bxc5 dxc5 12. dxc5 Qa5 13. e5 Nh5 14. Ne4 Qa3+ 0-1

[Event "Spring Swiss"]
[Site "Winnipeg CAN"]
[Date "2002.03.23"]
[Round "2.4"]
[White "Harding, Mike"]
[Black "Proulx, Roy"]
[Result "1-0"]
[WhiteElo "1833"]
[BlackElo "1718"]
[PlyCount "100"]
[EventDate "2002.03.22"]
[EventType "swiss"]
[EventRounds "5"]
[EventCountry "CAN"]

1. e4 e6 2. d4 d5 3. Nc3 Nf6 4. e5 Nfd7 5. Nce2 c5 6. c3 Nc6 7. Nf3 f6 8. Nf4
Qe7 9. Bb5 cxd4 10. Bxc6 bxc6 11. Qa4 Bb7 12. exf6 gxf6 13. Nxd4 Nb6 14. Qd1 e5
15. O-O Qf7 16. Re1 O-O-O 17. Nde6 exf4 18. Nxd8 Kxd8 19. Bxf4 Nc4 20. Qe2 Bd6
21. Bxd6 Nxd6 22. Qe3 Bc8 23. Rad1 Re8 24. Qc5 Rxe1+ 25. Rxe1 Qc7 26. b3 Bf5
27. c4 Ne4 28. Qf8+ Kd7 29. cxd5 cxd5 30. Qf7+ Kd6 31. Qf8+ Kd7 32. Rd1 Be6 33.
Qb4 Qc2 34. Qe1 f5 35. Rc1 Qd2 36. Qxd2 Nxd2 37. f3 d4 38. Rd1 Nxb3 39. axb3
Bxb3 40. Rxd4+ Kc6 41. Kf2 a5 42. Ke3 Kc5 43. Kd3 a4 44. Rf4 a3 45. Kc3 a2 46.
Rxf5+ Bd5 47. Kb2 Kd4 48. Rxd5+ Kxd5 49. g3 h5 50. Kxa2 h4 1-0

[Event "Spring Swiss"]
[Site "Winnipeg CAN"]
[Date "2002.03.23"]
[Round "2.5"]
[White "Katona, John"]
[Black "Remillard, John"]
[Result "1/2-1/2"]
[WhiteElo "1749"]
[BlackElo "1528"]
[PlyCount "80"]
[EventDate "2002.03.22"]
[EventType "swiss"]
[EventRounds "5"]
[EventCountry "CAN"]

1. e4 e5 2. Nf3 Nc6 3. d4 exd4 4. Bc4 Be7 5. O-O d6 6. Nxd4 Nxd4 7. Qxd4 Bf6 8.
Qd3 Be6 9. Nc3 Ne7 10. Bxe6 fxe6 11. f4 Ng6 12. Qb5+ Qd7 13. Qxb7 Bd4+ 14. Kh1
O-O 15. Qb5 c6 16. Qd3 e5 17. Ne2 c5 18. Nxd4 cxd4 19. f5 Ne7 20. Bg5 d5 21. f6
dxe4 22. Qxe4 Ng6 23. h4 Rac8 24. h5 Nf4 25. Bxf4 exf4 26. Rxf4 Rxf6 27. Rxf6
gxf6 28. Rf1 Rc6 29. Rf4 Re6 30. Rg4+ Kh8 31. Qxd4 Rd6 32. Qc4 Rd1+ 33. Kh2
Qd6+ 34. Qf4 Qb6 35. h6 Qg1+ 36. Kg3 Qe1+ 37. Kh3 Qe7 38. Rg7 Rh1+ 39. Kg3 Qe1+
40. Qf2 Qe5+ 1/2-1/2

[Event "Spring Swiss"]
[Site "Winnipeg CAN"]
[Date "2002.03.23"]
[Round "2.7"]
[White "Pottinger, Carl"]
[Black "Gannon, Keith"]
[Result "1-0"]
[WhiteElo "1513"]
[BlackElo "1549"]
[PlyCount "143"]
[EventDate "2002.03.22"]
[EventType "swiss"]
[EventRounds "5"]
[EventCountry "CAN"]

1. e4 c5 2. Nf3 d6 3. d4 cxd4 4. Nxd4 Nf6 5. Nc3 e6 6. Bb5+ Bd7 7. Bxd7+ Qxd7
8. f3 Nc6 9. Nxc6 Qxc6 10. Be3 Be7 11. Qd2 O-O 12. O-O Rfd8 13. Rf2 d5 14. e5
Ne8 15. Bd4 Bc5 16. Ne2 Rdc8 17. c3 Bxd4 18. Nxd4 Qd7 19. f4 Nc7 20. Qd3 Rf8
21. Rf3 f6 22. Rh3 g6 23. Rf3 fxe5 24. fxe5 Rxf3 25. Nxf3 Qb5 26. Qxb5 Nxb5 27.
Rd1 Re8 28. Ng5 Nc7 29. Rf1 Re7 30. a4 Kg7 31. b4 a6 32. Rf4 b5 33. a5 Ne8 34.
Nf3 h6 35. Nd4 g5 36. Rg4 Kf7 37. h4 gxh4 38. Rxh4 Kg6 39. Rf4 h5 40. Kf2 Kg7
41. Nb3 Rf7 42. Rxf7+ Kxf7 43. Kg3 Kg6 44. Kf4 Nc7 45. Nd4 Kh6 46. g3 Kg6 47.
Ke3 Kg5 48. Kf3 h4 49. gxh4+ Kxh4 50. Kf4 Kh5 51. Ke3 Kg4 52. Nb3 Kf5 53. Kd4
Kf4 54. Nc5 Kf5 55. Nd7 Ne8 56. Kc5 Kf4 57. Kb6 Ke3 58. Kxa6 Kd3 59. Kxb5 Kxc3
60. a6 Nc7+ 61. Kb6 Nxa6 62. Kxa6 Kxb4 63. Kb6 Kc4 64. Kc6 d4 65. Nc5 d3 66.
Nxd3 Kxd3 67. Kd6 Kd4 68. Kxe6 Kc5 69. Ke7 Kd5 70. e6 Kc6 71. Kd8 Kd6 72. e7
1-0

[Event "Spring Swiss"]
[Site "Winnipeg CAN"]
[Date "2002.03.23"]
[Round "2.8"]
[White "Wasney, Mark"]
[Black "Kohalmi, Andy"]
[Result "1-0"]
[WhiteElo "1716"]
[BlackElo "1656"]
[PlyCount "69"]
[EventDate "2002.03.22"]
[EventType "swiss"]
[EventRounds "5"]
[EventCountry "CAN"]

1. e4 c5 2. Nf3 Nc6 3. d4 cxd4 4. Nxd4 Nf6 5. Nc3 d6 6. Be2 e5 7. Nb3 Be7 8.
O-O h6 9. Kh1 O-O 10. f4 Be6 11. f5 Bxb3 12. axb3 Nb4 13. g4 Nh7 14. Be3 b6 15.
Bf3 Qb8 16. Rg1 Qd8 17. Qe2 Qc8 18. Rad1 Rd8 19. Qf2 Rd7 20. h4 Qd8 21. g5 hxg5
22. Qg2 f6 23. Qf1 Rc8 24. Qg2 Kh8 25. Bh5 Qg8 26. Bg6 gxh4 27. Rd2 Nf8 28. Qh3
Nxg6 29. fxg6 f5 30. Bg5 Bxg5 31. Rxg5 Qd8 32. Rxf5 Nc6 33. Rf8+ Qxf8 34. Qxh4+
Kg8 35. Qh7# 1-0

[Event "Spring Swiss"]
[Site "Winnipeg CAN"]
[Date "2002.03.23"]
[Round "2.9"]
[White "Rutter, Blair"]
[Black "Sapina, Hrvoje"]
[Result "1-0"]
[WhiteElo "1598"]
[BlackElo "1699"]
[PlyCount "107"]
[EventDate "2002.03.22"]
[EventType "swiss"]
[EventRounds "5"]
[EventCountry "CAN"]

1. d4 d5 2. e3 Nf6 3. c4 c6 4. Nc3 Bf5 5. Qb3 b6 6. Nge2 e6 7. Ng3 Bg6 8. Be2
Qc7 9. Bd2 Nbd7 10. f4 Bd6 11. Bf3 Rc8 12. Rc1 Qb7 13. a4 Bd3 14. Nxd5 exd5 15.
Qxd3 O-O 16. Nf5 Qc7 17. cxd5 c5 18. O-O Rfe8 19. g4 Kh8 20. g5 Ng8 21. Bg2 Bf8
22. e4 Qb8 23. e5 g6 24. Ng3 cxd4 25. d6 Nc5 26. Qb5 Red8 27. a5 Rxd6 28. exd6
Bxd6 29. Bd5 f5 30. Bb4 Ne7 31. Bxc5 bxc5 32. Qxb8 Rxb8 33. Bc4 Nc6 34. a6 Rxb2
35. h4 Kg7 36. h5 Na5 37. Bd3 Rb4 38. Bxf5 c4 39. Be6 c3 40. Ne4 Bc7 41. Bd5
Rb6 42. Nc5 gxh5 43. Ne6+ Rxe6 44. Bxe6 Nc6 45. f5 Ne5 46. f6+ Kf8 47. Bf5 Ng6
48. Rfe1 Ne5 49. Kg2 Ng6 50. Bxg6 hxg6 51. Re4 Bb6 52. Kf3 Bc5 53. Ke2 Ba3 54.
Rc2 1-0